[Event "Ville d'Orsay online Blitz"]
[Site "Europe Echecs INT"]
[Date "2021.02.07"]
[Round "5"]
[White "Lescop, Etienne"]
[Black "Kuhn, Clement"]
[Result "0-1"]
[WhiteElo "1747"]
[BlackElo "2240"]
[PlyCount "68"]
[EventDate "2021.02.07"]
[EventType "swiss (blitz)"]
[EventRounds "11"]
[EventCountry "FRA"]
[SourceTitle "CBM 200 Extra"]
[Source "ChessBase"]
[SourceDate "2021.03.31"]
[SourceVersion "1"]
[SourceVersionDate "2021.03.31"]
[SourceQuality "1"]

1. e4 e6 2. Nc3 d5 3. exd5 exd5 4. d4 Nf6 5. Bd3 Bd6 6. Nge2 0-0 7. 0-0 c5 8. dxc5 Bxc5 9. Bg5 h6 10. Bxf6 Qxf6 11. Nxd5 Qd8 12. Ndc3 Nc6 13. Ng3 Be6 14. Nce4 Bb6 15. Kh1 Ne5 16. f4 Nxd3 17. cxd3 f5 18. Nc3 Qd4 19. Qh5 Bd7 20. Rad1 Rae8 21. Qg6 Rf6 22. Qh5 Kh7 23. Nce2 Qd5 24. d4 Bc6 25. Rg1 g6 26. Qh4 Rfe6 27. Nc3 Qc4 28. d5 Bxg1 29. dxe6 Bd4 30. e7 Bxc3 31. bxc3 Qe6 32. Nf1 Rxe7 33. Qf2 Qe2 34. Qd4 Qxg2# 0-1

[Event "Ville d'Orsay online Blitz"]
[Site "Europe Echecs INT"]
[Date "2021.02.07"]
[Round "10"]
[White "Lescop, Etienne"]
[Black "Rohrer, Christophe"]
[Result "0-1"]
[WhiteElo "1747"]
[BlackElo "2230"]
[PlyCount "74"]
[EventDate "2021.02.07"]
[EventType "swiss (blitz)"]
[EventRounds "11"]
[EventCountry "FRA"]
[SourceTitle "CBM 200 Extra"]
[Source "ChessBase"]
[SourceDate "2021.03.31"]
[SourceVersion "1"]
[SourceVersionDate "2021.03.31"]
[SourceQuality "1"]

1. e4 e5 2. Nc3 Nc6 3. Bc4 Bc5 4. d3 Nf6 5. Be3 Bb6 6. Nge2 d6 7. Bxb6 axb6 8. 0-0 0-0 9. f4 Ng4 10. Qd2 Qh4 11. h3 Nf6 12. f5 Na5 13. Bb3 c6 14. Kh2 Ne8 15. Rf3 Kh8 16. Rg3 Nf6 17. Qg5 Qxg5 18. Rxg5 h6 19. Rg3 Bd7 20. Rf3 b5 21. a3 Nxb3 22. cxb3 Nh7 23. g4 g5 24. fxg6 fxg6 25. Raf1 Kg7 26. Rxf8 Rxf8 27. Rxf8 Nxf8 28. Ng3 Ne6 29. Kg2 Nf4+ 30. Kf3 Nxd3 31. a4 Nxb2 32. axb5 cxb5 33. Nge2 Nd3 34. Ke3 Nc5 35. b4 Na6 36. Nd5 Be6 37. Nc7 Nxc7 0-1

[Event "Ville d'Orsay online Blitz"]
[Site "Europe Echecs INT"]
[Date "2021.02.07"]
[Round "6"]
[White "Naudier, Serge"]
[Black "Lescop, Etienne"]
[Result "1-0"]
[WhiteElo "2097"]
[BlackElo "1747"]
[PlyCount "139"]
[EventDate "2021.02.07"]
[EventType "swiss (blitz)"]
[EventRounds "11"]
[EventCountry "FRA"]
[SourceTitle "CBM 200 Extra"]
[Source "ChessBase"]
[SourceDate "2021.03.31"]
[SourceVersion "1"]
[SourceVersionDate "2021.03.31"]
[SourceQuality "1"]

1. d4 Nf6 2. c4 g6 3. Nc3 Bg7 4. Nf3 0-0 5. Bg5 d6 6. e3 Nbd7 7. Be2 b6 8. 0-0 Bb7 9. d5 e5 10. dxe6 fxe6 11. Nd4 Qe7 12. Bf3 Bxf3 13. Qxf3 Ne5 14. Qe2 c5 15. Nf3 Nxf3+ 16. Qxf3 h6 17. Bxf6 Qxf6 18. Qxf6 Rxf6 19. Ne4 Rff8 20. Rab1 d5 21. cxd5 exd5 22. Nc3 Bxc3 23. bxc3 Rad8 24. Rfd1 Rf7 25. a4 Rdf8 26. Rd2 Rd8 27. a5 bxa5 28. Rb5 Rc7 29. g3 Kf7 30. Rxa5 g5 31. h3 Ke6 32. Kf1 Rf8 33. Ra6+ Kd7 34. Rxh6 a5 35. Rh7+ Kc6 36. Rxc7+ Kxc7 37. Rxd5 Kc6 38. Rd2 a4 39. Ke2 a3 40. Ra2 Ra8 41. Kd3 Kd5 42. c4+ Ke5 43. f4+ gxf4 44. exf4+ Kf5 45. Ke3 Ra4 46. g4+ Kf6 47. Kd3 Kg6 48. Kc3 Ra8 49. Kb3 Re8 50. Kxa3 Re3+ 51. Ka4 Rxh3 52. Rd2 Rf3 53. Rd6+ Kf7 54. Rd5 Rxf4 55. Rxc5 Rxg4 56. Kb5 Ke7 57. Rd5 Rg6 58. c5 Rg1 59. c6 Ke6 60. Rd4 Rb1+ 61. Ka6 Ke5 62. Rd3 Rc1 63. Kb7 Rb1+ 64. Kc7 Ke6 65. Kc8 Ke7 66. c7 Rb2 67. Re3+ Kd6 68. Kd8 Rc2 69. c8Q Rxc8+ 70. Kxc8 1-0

[Event "Cappelle Online Blitz op 1st"]
[Site "Europe Echecs INT"]
[Date "2021.01.10"]
[Round "5"]
[White "Caron, Morgan"]
[Black "Lescop, Etienne"]
[Result "1-0"]
[WhiteElo "2018"]
[BlackElo "1747"]
[PlyCount "134"]
[EventDate "2021.01.10"]
[EventType "swiss (blitz)"]
[EventRounds "11"]
[EventCountry "FRA"]
[SourceTitle "CBM 200 Extra"]
[Source "ChessBase"]
[SourceDate "2021.03.31"]
[SourceVersion "1"]
[SourceVersionDate "2021.03.31"]
[SourceQuality "1"]

1. d4 e5 2. dxe5 Nc6 3. Nf3 Qe7 4. e4 Nxe5 5. Nc3 Nxf3+ 6. Qxf3 Qf6 7. Qe2 Bb4 8. Bd2 d6 9. 0-0-0 Ne7 10. Kb1 0-0 11. Nd5 Nxd5 12. exd5 Bxd2 13. Qxd2 Bg4 14. f3 Bh5 15. Bd3 Bg6 16. h4 Rfe8 17. h5 Bxd3 18. Qxd3 Re5 19. g4 h6 20. Rdf1 Rae8 21. f4 Re3 22. Qb5 b6 23. g5 hxg5 24. fxg5 Qxg5 25. Qd7 Qe7 26. Qxe7 R8xe7 27. h6 gxh6 28. b3 Kh7 29. Kb2 a5 30. a4 Rg3 31. Rf6 Rg6 32. Rf4 Kg7 33. Rc4 Rg5 34. Rch4 Ree5 35. Rxh6 Rxd5 36. Rh7+ Kg6 37. R1h6+ Kf5 38. Rxf7+ Ke4 39. Rxc7 Rc5 40. Rxc5 bxc5 41. Rxd6 Ke5 42. Ra6 Kd4 43. Rxa5 Rg2 44. Rb5 c4 45. bxc4 Kxc4 46. Rb7 Kc5 47. a5 Rg6 48. Kb3 Ra6 49. Ka4 Kc4 50. Rc7+ Kd5 51. Kb5 Ra8 52. Kb6 Kd6 53. a6 Rxa6+ 54. Kxa6 Kxc7 55. Ka5 Kc6 56. Ka4 Kc5 57. Kb3 Kb5 58. c4+ Kc5 59. Kc3 Kd6 60. Kd4 Kc6 61. c5 Kd7 62. Kd5 Kc7 63. c6 Kd8 64. Kd6 Kc8 65. c7 Kb7 66. Kd7 Ka6 67. c8Q+ Ka5 1-0

[Event "Cappelle Online Blitz op 1st"]
[Site "Europe Echecs INT"]
[Date "2021.01.10"]
[Round "1"]
[White "Lescop, Etienne"]
[Black "Osmak, Iulija"]
[Result "0-1"]
[WhiteElo "1747"]
[BlackElo "2428"]
[PlyCount "42"]
[EventDate "2021.01.10"]
[EventType "swiss (blitz)"]
[EventRounds "11"]
[EventCountry "FRA"]
[SourceTitle "CBM 200 Extra"]
[Source "ChessBase"]
[SourceDate "2021.03.31"]
[SourceVersion "1"]
[SourceVersionDate "2021.03.31"]
[SourceQuality "1"]

1. e4 Nc6 2. Nc3 Nf6 3. Bc4 e6 4. d3 d5 5. exd5 exd5 6. Bb3 Bb4 7. Bd2 0-0 8. Nge2 Re8 9. 0-0 Na5 10. Ng3 Nxb3 11. axb3 Bg4 12. f3 Be6 13. Nce2 Bf8 14. Nf4 Bd7 15. Re1 c5 16. Ngh5 Nxh5 17. Nxh5 Qh4 18. Ng3 a6 19. Re5 Rxe5 20. Qf1 Rae8 21. Ra4 Bxa4 0-1

[Event "Brest op"]
[Site "Brest"]
[Date "2011.04.24"]
[Round "3"]
[White "Lescop, Etienne"]
[Black "Bertrand, Nicolas"]
[Result "1/2-1/2"]
[WhiteElo "1652"]
[BlackElo "1963"]
[PlyCount "64"]
[EventDate "2011.04.23"]
[EventType "swiss"]
[EventRounds "5"]
[EventCountry "FRA"]
[SourceTitle "EXT 2012"]
[Source "ChessBase"]
[SourceDate "2011.11.24"]
[SourceVersion "1"]
[SourceVersionDate "2011.11.24"]
[SourceQuality "1"]

1. e4 Nf6 2. e5 Nd5 3. Nf3 d6 4. exd6 cxd6 5. Bc4 Nb6 6. Bb3 d5 7. d4 Nc6 8. c3 Bf5 9. Bf4 e6 10. 0-0 Bd6 11. Bxd6 Qxd6 12. Na3 0-0 13. Bc2 Bxc2 14. Nxc2 Rac8 15. Ne3 Na5 16. Nd2 Nac4 17. Ndxc4 Nxc4 18. Nxc4 Rxc4 19. f4 Re8 20. Qh5 g6 21. Qh6 Qf8 22. Qg5 h6 23. Qg3 Qd6 24. Qg4 Kh7 25. Qe2 Rec8 26. g4 b5 27. f5 exf5 28. gxf5 g5 29. f6 b4 30. Qd3+ Kg8 31. Qh3 Kh7 32. Qd3+ Kg8 1/2-1/2

[Event "Brest op"]
[Site "Brest"]
[Date "2010.04.23"]
[Round "2"]
[White "Savary, Xavier"]
[Black "Lescop, Etienne"]
[Result "0-1"]
[WhiteElo "1886"]
[BlackElo "1652"]
[PlyCount "34"]
[EventDate "2011.04.23"]
[EventType "swiss"]
[EventRounds "5"]
[EventCountry "FRA"]
[SourceTitle "EXT 2012"]
[Source "ChessBase"]
[SourceDate "2011.11.24"]
[SourceVersion "1"]
[SourceVersionDate "2011.11.24"]
[SourceQuality "1"]

1. e4 e6 2. d4 d5 3. Bd3 Bd7 4. Nf3 c5 5. exd5 exd5 6. dxc5 Bxc5 7. 0-0 Ne7 8. Nc3 0-0 9. Ne5 Bc6 10. Bf4 Ng6 11. Nxg6 fxg6 12. Bg3 Nd7 13. Kh1 Qb6 14. Qd2 Qxb2 15. Bb5 Bb4 16. Bxc6 bxc6 17. Na4 Qxa1 0-1

[Event "Brest op"]
[Site "Brest"]
[Date "2010.04.03"]
[Round "1.1"]
[White "Serralta, Michel"]
[Black "Lescop, Etienne"]
[Result "1-0"]
[WhiteElo "2102"]
[BlackElo "1636"]
[PlyCount "59"]
[EventDate "2010.04.03"]
[EventType "swiss"]
[EventRounds "7"]
[EventCountry "FRA"]
[SourceTitle "EXT 2014"]
[Source "ChessBase"]
[SourceDate "2013.11.20"]
[SourceVersion "1"]
[SourceVersionDate "2013.11.20"]
[SourceQuality "1"]

1. d4 e6 2. Nf3 b6 3. e4 d6 4. Bd3 Bb7 5. Qe2 Be7 6. 0-0 Nf6 7. Nc3 Nbd7 8. Rd1 Rc8 9. a4 c6 10. e5 Nd5 11. Nxd5 cxd5 12. exd6 Bxd6 13. Ng5 Nf6 14. Bb5+ Bc6 15. Rd3 h6 16. Rh3 Qc7 17. c3 Bxb5 18. axb5 Bf4 19. Nxe6 fxe6 20. Qxe6+ Kd8 21. Bxf4 Qxf4 22. Rf3 Qc7 23. Rxf6 gxf6 24. Qxf6+ Kd7 25. Rxa7 Qxa7 26. Qf7+ Kd6 27. Qxa7 Rb8 28. Qg7 Rhe8 29. h4 Re6 30. Qg3+ 1-0

[Event "Brest op"]
[Site "Brest"]
[Date "2009.04.12"]
[Round "4"]
[White "Lescop, Etienne"]
[Black "Urcun, Gael"]
[Result "1-0"]
[WhiteElo "1620"]
[BlackElo "1700"]
[PlyCount "57"]
[EventDate "2009.04.11"]
[EventType "swiss"]
[EventRounds "7"]
[EventCountry "FRA"]
[SourceTitle "EXT 2011"]
[Source "ChessBase"]
[SourceDate "2010.11.26"]
[SourceVersion "1"]
[SourceVersionDate "2010.11.26"]
[SourceQuality "1"]

1. e4 c6 2. d4 d5 3. exd5 cxd5 4. Nf3 Bg4 5. Be2 e6 6. Ne5 Bxe2 7. Qxe2 Qb6 8. 0-0 Nf6 9. Re1 Bd6 10. Nxf7 Kxf7 11. Qxe6+ Kg6 12. f4 Qxd4+ 13. Be3 Qe4 14. Qxd6 Nc6 15. g4 Rad8 16. f5+ Kf7 17. Qe6+ Qxe6 18. fxe6+ Ke7 19. Bc5+ Ke8 20. Nc3 Nxg4 21. Nb5 Rb8 22. Nd6+ Kd8 23. Nf7+ Kc7 24. Nxh8 Rxh8 25. Rad1 Nf6 26. Bf2 Kd6 27. c4 Ne4 28. Bg3+ Ne5 29. Rxe4 1-0

[Event "Fouesnant op 13th"]
[Site "Fouesnant"]
[Date "2007.11.01"]
[Round "7"]
[White "Lescop, Etienne"]
[Black "Le Moy, Patrick"]
[Result "1-0"]
[WhiteElo "1454"]
[BlackElo "1867"]
[PlyCount "49"]
[EventDate "2007.10.27"]
[EventType "swiss"]
[EventRounds "9"]
[EventCountry "FRA"]
[SourceTitle "EXT 2008"]
[Source "ChessBase"]
[SourceDate "2007.11.25"]
[SourceVersion "1"]
[SourceVersionDate "2007.11.25"]
[SourceQuality "1"]

1. e4 c5 2. Nc3 d6 3. g3 Nf6 4. Bg2 a6 5. d3 g6 6. Nge2 Bg7 7. h3 Nc6 8. Be3 Qc7 9. Qd2 Bd7 10. 0-0 0-0 11. f4 Rac8 12. g4 e6 13. f5 exf5 14. exf5 Ne5 15. g5 Qd8 16. gxf6 Bxf6 17. fxg6 Nxg6 18. Ne4 Be5 19. d4 cxd4 20. Bxd4 Bb5 21. Nf6+ Kh8 22. Qh6 Bxf6 23. Bxf6+ Qxf6 24. Rxf6 Bxe2 25. Be4 1-0

[Event "Bretagne-ch U18 op"]
[Site "Sarzeau"]
[Date "2006.02.22"]
[Round "3"]
[White "Lescop, Etienne"]
[Black "Abadou, Nessim"]
[Result "0-1"]
[WhiteElo "1710"]
[BlackElo "1900"]
[PlyCount "44"]
[EventDate "2006.02.21"]
[EventType "swiss"]
[EventRounds "6"]
[EventCountry "FRA"]
[SourceTitle "EXT 2007"]
[Source "ChessBase"]
[SourceDate "2006.11.23"]
[SourceVersion "1"]
[SourceVersionDate "2006.11.23"]
[SourceQuality "1"]

1. e4 e5 2. Bc4 Bc5 3. Nc3 Nf6 4. d3 Nc6 5. Bg5 d6 6. Nd5 Na5 7. Qf3 Bg4 8. Nxf6+ gxf6 9. Qxf6 Qxf6 10. Bxf6 Rg8 11. h3 Bd7 12. g4 Nxc4 13. dxc4 Be6 14. b3 Kd7 15. f3 Rg6 16. Bh4 h5 17. 0-0-0 Rh8 18. Bg3 hxg4 19. fxg4 Bxg4 20. Rd3 Ke6 21. h4 f5 22. exf5+ Bxf5 0-1